India in 1924--25 / (Record no. 593126)

000 -LEADER
fixed length control field 00433nam a22001217a 4500
040 ## - CATALOGING SOURCE
Transcribing agency NUST
082 ## - DEWEY DECIMAL CLASSIFICATION NUMBER
Classification number 954,WIL
100 ## - MAIN ENTRY--PERSONAL NAME
Personal name Williams, Rushbrook
9 (RLIN) 50448
245 ## - TITLE STATEMENT
Title India in 1924--25 /
Statement of responsibility, etc. Williams Rushbrook
300 ## - PHYSICAL DESCRIPTION
Extent 435 p.;
505 ## - FORMATTED CONTENTS NOTE
Formatted contents note External Relations (Page-1), The Citizen and the State (Page-47), Economics (Page-116), Some Foundation Problems (Page-229), Parties and Politics (Page-293).
942 ## - ADDED ENTRY ELEMENTS (KOHA)
Source of classification or shelving scheme
Koha item type Book
Call number prefix 954,WIL
Holdings
Withdrawn status Lost status Source of classification or shelving scheme Damaged status Not for loan Permanent Location Current Location Shelving location Date acquired Total Checkouts Full call number Barcode Date last seen Price effective from Koha item type Public note
          Military College of Signals (MCS) Military College of Signals (MCS) General Stacks 02/02/2023   954,WIL MCS29411 02/02/2023 02/02/2023 Book Almirah No.61, Shelf No.4
© 2023 Central Library, National University of Sciences and Technology. All Rights Reserved.